TV Shows by Crossword Clue Quiz Stats

 Plays Quiz Updated Oct 17, 2016

Score 0/30 Timer 06:00
1 Play Today
% Correct
The Simpsons
95.5%
Cheers
93.1%
M*A*S*H
90.4%
The West Wing
89.7%
SpongeBob SquarePants
89.1%
Batman
85.9%
Knight Rider
85.1%
Jeopardy!
82.7%
The Mentalist
82.6%
Seinfeld
82.1%
Lassie
80.5%
Wheel of Fortune
77.5%
Buffy the Vampire Slayer
77.4%
Monk
76.4%
ALF
75.7%
% Correct
The Odd Couple
74.7%
The Golden Girls
72.7%
Magnum, P.I.
71.6%
The Good Wife
71.5%
The Fugitive
70.4%
Green Acres
66.4%
Lou Grant
66%
Get Smart
62.3%
Sesame Street
57.5%
Newhart
57%
Upstairs, Downstairs
53.8%
It Takes a Thief
51.2%
Northern Exposure
48.3%
Petticoat Junction
40.9%
Falling Skies
37.6%

You're not logged in!

Compare scores with friends on all Sporcle quizzes.
OR
Log In

Show Comments

Extras

Top Quizzes Today


Score Distribution

Your Account Isn't Verified!

In order to create a playlist on Sporcle, you need to verify the email address you used during registration. Go to your Sporcle Settings to finish the process.

Report this User

Report this user for behavior that violates our Community Guidelines.

Details: